The evolution of educational thought : Lectures on the formation and development of secondary education in France

Na minha lista:
Detalhes bibliográficos
Autor principal: Durkheim, Emile
Formato: Livro
Idioma:Undetermined
Publicado em: Boston,London Routledge & Kegan Paul 1977
Assuntos:
Tags: Adicionar Tag
Sem tags, seja o primeiro a adicionar uma tag!
Thư viện lưu trữ: Trung tâm Học liệu Trường Đại học Cần Thơ
LEADER 00698nam a2200217Ia 4500
001 CTU_90211
008 210402s9999 xx 000 0 und d
082 |a 373.44 
082 |b D962 
100 |a Durkheim, Emile 
245 4 |a The evolution of educational thought : 
245 0 |b Lectures on the formation and development of secondary education in France 
245 0 |c Emile Durkheim ; translated by Peter Collins 
260 |a Boston,London 
260 |b Routledge & Kegan Paul 
260 |c 1977 
650 |a Education, secondary 
650 |x History,Addresses, essays, lectures. 
650 |z France 
904 |i Năm,Hải 
980 |a Trung tâm Học liệu Trường Đại học Cần Thơ